[Event "Pardubice Czech op-D 28th"]
[Site "Pardubice"]
[Date "2017.07.25"]
[Round "5"]
[White "Maguire, Kristof"]
[Black "Rychtecky, Pavel"]
[Result "1/2-1/2"]
[WhiteElo "1317"]
[BlackElo "1643"]
[PlyCount "92"]
[EventDate "2017.07.22"]
[EventType "swiss"]
[EventRounds "9"]
[EventCountry "CZE"]
[SourceTitle "CBM 179 Extra"]
[Source "ChessBase"]
[SourceDate "2017.08.23"]
[SourceVersion "1"]
[SourceVersionDate "2017.08.23"]
[SourceQuality "1"]

1. e4 c5 2. b3 Nc6 3. Bb2 d6 4. Bb5 e5 5. Bxc6+ bxc6 6. d3 Nf6 7. h3 h5 8. Nf3 g6 9. Bc1 Be6 10. Bg5 Be7 11. c4 Ng8 12. Bxe7 Qxe7 13. Nc3 Nf6 14. Qe2 Nd7 15. Rg1 f6 16. 0-0-0 Nb6 17. Nd2 g5 18. g4 h4 19. f3 0-0 20. Nf1 d5 21. a4 Qc7 22. Ne3 Nc8 23. Kc2 Nb6 24. Rb1 Nd7 25. Rgd1 Nb8 26. Na2 Na6 27. Rb2 Rfd8 28. Nf5 Rab8 29. Kc3 Kh7 30. Kc2 Qb7 31. Qe1 Qb6 32. Kc1 Rd7 33. Kc2 Qc7 34. Rbb1 Qb7 35. Qc3 Nb4+ 36. Nxb4 cxb4 37. Qe1 Qb6 38. Qg1 Qxg1 39. Rxg1 Bxf5 40. gxf5 Kg7 41. Rbd1 c5 42. Kd2 Rg8 43. Ke2 Kh6 44. Rg4 Rdg7 45. Rdg1 Kh5 46. Kf2 Kh6 1/2-1/2

[Event "Pardubice Czech op-D 28th"]
[Site "Pardubice"]
[Date "2017.07.24"]
[Round "3"]
[White "Pokorna, Jana"]
[Black "Maguire, Kristof"]
[Result "1/2-1/2"]
[WhiteElo "1601"]
[BlackElo "1317"]
[PlyCount "48"]
[EventDate "2017.07.22"]
[EventType "swiss"]
[EventRounds "9"]
[EventCountry "CZE"]
[SourceTitle "CBM 179 Extra"]
[Source "ChessBase"]
[SourceDate "2017.08.23"]
[SourceVersion "1"]
[SourceVersionDate "2017.08.23"]
[SourceQuality "1"]

1. e4 e5 2. Nf3 Nc6 3. d4 exd4 4. Nxd4 Bc5 5. Be3 Qf6 6. c3 Nge7 7. Qd2 h6 8. Nxc6 Qxc6 9. Bxc5 Qxc5 10. Qd4 Qxd4 11. cxd4 d5 12. Nc3 dxe4 13. Nxe4 c6 14. Bc4 0-0 15. 0-0-0 Be6 16. Bxe6 fxe6 17. f3 b6 18. Rhe1 Nf5 19. Nf2 Rfe8 20. Ng4 Rad8 21. Re4 Rd6 22. Ne3 Red8 23. Nxf5 exf5 24. Re7 a5 1/2-1/2